000 00821nam a22002657a 4500
001 2167
003 FISKH
005 20251121101543.0
008 231108b cb ||||| |||| 00| 0 eng d
020 _a9781584765530
040 _aFISKH
_beng
_cFISKH
_dFISKH
050 _aPZ7
082 _a741.5
100 _aGaydos, Nora
245 _aPony Tales :
_cThe only thing better than a pony is a magical pony /
260 _aNorwalk :
_bInnovative kid,
_c2007.
300 _a24 unnumbered pages :
_bcolor illustrations ;
_c23 cm
490 _aPhonics comics ;
_vvolume 14 issue 1
505 _aE
520 _aJane has three adventures with the magic toy pony she got for her birthday.
521 8 _a200
_bLexile estimate
521 8 _aE
_bRaz-Plus
650 _aPony
_vComics
942 _2ddc
_cBK
_n0
999 _c2167
_d2167